000 00412nam a22001337a 4500
003 SGT
020 _a9788178312439
082 _a080
_bJ10Y
100 _aयादव, शरद
245 _aजातिवार जनगणना : संसद समाज और मीडिया
260 _b मानक पब्लिकेशंस प्रा. लि.
_c2010
300 _a224
942 _2ddc
_cBK
999 _c31545
_d31545